[Event "Athens Acropolis op"]
[Site "Athens"]
[Date "2004.11.18"]
[Round "3"]
[White "Miezis, Normunds"]
[Black "Atalik, Suat"]
[Result "0-1"]
[WhiteElo "2524"]
[BlackElo "2541"]
[Annotator "Atalik,S"]
[PlyCount "96"]
[EventDate "2004.11.16"]
[EventType "swiss"]
[EventRounds "9"]
[EventCountry "GRE"]
[SourceTitle "CBM 103 Extra"]
[Source "ChessBase"]
[SourceDate "2005.01.01"]
[SourceVersion "1"]
[SourceVersionDate "2005.01.01"]
[SourceQuality "1"]

{In my opinion this guy does so many weird things with white in this opening
one may pick up any system against him.} 1. c4 e5 2. Nc3 Nf6 3. g3 d5 4. cxd5
Nxd5 {The Reverse Dragon is always a good system.} 5. Bg2 Nb6 6. Nf3 Nc6 7. Rb1
{He does this all the time.} (7. O-O Be7 8. a3 (8. d3 Be6 9. a3) 8... Be6 9. b4
(9. d3 O-O (9... Nd5 $6 {runs into} 10. d4 $1 {once again.}) 10. b4 a5 11. b5
Nd4 $13) 9... Nd4 10. Rb1 Nxf3+ 11. Bxf3 c6 $13) 7... a5 8. O-O Be7 9. d3 (9.
b3 {does not pose particular problems for black.} O-O 10. Bb2 Be6 11. d3 Qd7
12. Nd2 f6 13. Nc4 Nd5 14. Rc1 Rfd8 15. Nxd5 Bxd5 16. Bxd5+ Qxd5 17. Ne3 Qe6
18. Qc2 Nd4 19. Bxd4 exd4 20. Qc4 Qxc4 21. Nxc4 a4 $15 {Gulko-Bareev,New Delhi
(wch) 2000.}) 9... Be6 $1 (9... O-O 10. Be3 Be6 11. Bxb6 cxb6 12. Qa4 $1 $13 {
is not simpleat all.}) 10. Bd2 $6 {The first strange move.} (10. Be3 Nd5 11.
Nxd5 Bxd5 12. Qa4 O-O 13. a3 Qc8 (13... Qd6 $5 14. Rbc1 Rfd8 15. Rfd1 Qe6 16.
Qb5 Rab8 $13) 14. Rbc1 Rd8 15. Rfd1 Qd7 16. Qb5 (16. Nd2 $2 Nd4 17. Qxd7 Nxe2+
18. Kf1 Bxg2+ 19. Kxg2 Rxd7 $19) 16... a4 (16... Nd4 $2 17. Qxd7 Rxd7 18. Bxd4
exd4 19. Bh3 $16)) 10... O-O 11. Rc1 (11. Qc1 f6 12. Rd1 Nd4 $15) 11... a4 $1
$146 {A totally new concept. Since he did not have made use of a 4 square I
occupy it myself.} 12. a3 Bb3 13. Qe1 f5 $1 {Grabing more space.} 14. Be3 Nc8
$1 {I should not go for exchanges yet.} (14... Nd5 $6 15. Nxd5 Bxd5 16. Qc3 Bf6
17. Qc2 $132) 15. Qd2 (15. Nd2 $6 f4 16. Nxb3 fxe3 17. Bd5+ Kh8 $17) (15. Nb5
$6 Ra5 16. Rxc6 Rxb5 17. Rc1 c6 $17) 15... Nd6 16. Kh1 {Since he is confined
to the last two ranks he does not know what to do with his pieces.} (16. Bc5
Bf6 $15 (16... Nc4 $2 17. Bxe7 Nxd2 18. Bxd8 Nxf3+ 19. Bxf3 Nxd8 20. Bd5+ $18))
(16. Ne1 $2 f4 $19) 16... Nf7 {Another useful move.} 17. Ne1 (17. Ng1 Qd7 18.
f4 Rad8 19. Nf3 {is a transposition to the game.}) 17... Qd7 18. f4 Rad8 19.
Nf3 Bf6 20. Qe1 (20. fxe5 Nfxe5 21. Nxe5 Bxe5 22. Bf4 Bf6 23. Bg5 Nd4 $15)
20... Nd4 $1 21. Qf2 c5 $1 {Black takes over the initiativein the queen's wing.
} (21... c6 $6 {I have spent sometime looking at the tactics.} 22. fxe5 Nxe5
23. Nxd4 Ng4 24. Qxf5 Nxe3 25. Qxd7 Rxd7 26. Nxb3 axb3 27. Rf4 $14) (21... Nxf3
22. Qxf3 (22. Bxf3 exf4 23. gxf4 Rfe8 $5 $40) 22... exf4 23. Bxf4 c6 $15 24.
Bh3 $140 $2 Bxc3 25. bxc3 g5 (25... Bd5 26. e4 fxe4 27. dxe4 Qxh3 28. exd5 Rxd5
29. Qe2 Qd7 $17) 26. Qh5 gxf4 27. Bxf5 Qd5+ 28. Rf3 Nh6 29. Qxh6 Rxf5 $19) 22.
fxe5 $2 {He had to bring the knight to d5 via queen's side.} (22. Nd2 $142 exf4
23. Bxf4 Be6 24. Nc4 b5 25. Nb6 Qa7 26. Nbd5 Be5 27. Rcd1 (27. Rce1 Qd7 28. e3
Nb3 $17) (27. e3 Nb3 28. Nxb5 $2 Qd7 $19 {loses the house due to the threat of
g5.}) 27... Bxf4 28. gxf4 Nd6 29. e3 Nb3 $15) 22... Nxe5 23. Nxe5 Bxe5 24. Bf4
Bf6 $1 $17 {The bishop should be kept since white has weaknesses on the
queenside a3 and b2.} 25. Bh3 Be6 $6 $138 {Being low on time I was trying to
reach move 40 without damaging my position. This idiotic policy effected the
quality of my play.} (25... b5 26. e4 (26. Ne4 $2 Qb7 $19) 26... b4 (26... Be6
$17) 27. axb4 cxb4 28. Nd5 Bxd5 29. Rc7 Qe6 30. exd5 Qxd5+ 31. Bg2 Qb3 $19) 26.
Bg2 b6 {One square at a time.} (26... b5 $142 27. e4 $2 Nb3 28. Rce1 Bxc3 29.
bxc3 fxe4 30. Rxe4 Bh3 $1 (30... Bd5 31. Qe2 Bxe4 32. Bxe4 $44) 31. Rfe1 Bxg2+
32. Qxg2 Qxd3 $19) 27. Rcd1 Bb3 28. Rc1 Ne6 29. Be3 Be5 {Now f4 is threatened.}
30. Bf3 Nd4 {I have continued to build up my position.} ({So what was wrong
with the direct attempt?} 30... f4 31. gxf4 Nxf4 32. Qh4 Ng6 33. Qf2 (33. Qh5
Rf5 34. Qh3 Be6) 33... Rde8 $17) (30... Qd6 $5) 31. Bg2 Rde8 32. Bd2 Nc2 $1 33.
Qf3 Nd4 $6 {To be safe in the clock I wanted to repeat once again.} (33... Bxc3
$1 34. bxc3 Nxa3 {The idea is very simple Nc2 back and then a3-a2-a1.} 35. Bf4
(35. c4 Nc2) 35... Nc2 36. Qf2 a3 $19) 34. Qb7 $1 {But now he decided to break
out with the queen.} (34. Qf2 Nc2 35. Qf3 Bxc3 36. bxc3 Nxa3 $19) 34... Qd6 $1
{I have pulled myself together right in time. Now his queen has problems on
the other side of the board.} (34... Qxb7 $6 35. Bxb7 Nxe2 36. Nxe2 Bxb2 37.
Nf4 Bxc1 38. Bxc1 $1 $13) 35. Rf2 (35. Qa6 f4 $1 (35... Rf6 $5 $40) 36. Ne4 Qh6
37. Rf2 Nf5 38. Rcf1 Ra8 39. Qb5 Nd4 40. Qd7 Be6 41. Qe7 Nf5 42. Qg5 Nxg3+ 43.
Qxg3 fxg3 44. Rxf8+ Rxf8 45. Rxf8+ Kxf8 46. Bxh6 gxh6 47. Nc3 Bxc3 48. bxc3 b5
$19) 35... b5 $5 {I had enough of sitting passive time to go for the throat!} (
35... Rb8 $142 $1 36. Qa6 Qd7 37. Bf4 Bxf4 38. Rxf4 Rf6 39. e3 Ne6 40. Rf2 b5
$19) 36. Qa7 $2 $138 {He should have tried to confuse the issue.} (36. Nxb5
$142 Nxb5 37. Qxb5 Bxb2 38. Bf4 (38. Rb1 Bd4 (38... Bxa3 $2 39. Rxb3 axb3 40.
Qxb3+ c4 41. Qxc4+ Kh8 $11) 39. Rxf5 Rxe2 40. Bf4 Qe7 41. Rxf8+ Qxf8 $17))
36... c4 37. e3 $2 {I was expecting this since he also started to get low in
time.} (37. Bd5+ $6 Kh8 38. dxc4 bxc4 $19) (37. Qa5 $1 cxd3 38. exd3 Qd7 39.
Qb6 Rc8 $17) 37... cxd3 $1 $19 38. Rcf1 Ne2 $1 {I started to do really bad
things on him once his king started to get naked!} 39. Nxb5 (39. Rxf5 Rxf5 40.
Rxf5 Nxc3 41. bxc3 Be6 42. Rf1 Qxa3 $19) ({He can not touch the knight.} 39.
Nxe2 dxe2 40. Rxe2 Rf7 (40... Bc4 41. Bb4 Qh6 $19) 41. Qa5 Bc4 $19) 39... Qh6
$19 {He could have resigned now.} 40. Rf3 Nxg3+ 41. Rxg3 Bxg3 42. h3 f4 43.
exf4 (43. e4 Rxe4 $19) 43... Bxf4 (43... Be6 44. Qa6 Rf6 $19) 44. Bxf4 {
I was waiting for the other capture since this loses even easier.} (44. Rxf4
Rxf4 45. Qd7 Re2 46. Bd5+ Bxd5+ 47. Qxd5+ Qe6 48. Qxe6+ Rxe6 49. Bxf4 Re1+ 50.
Kg2 d2 51. Nc3 (51. Bxd2 Re2+ 52. Kf3 Rxd2 53. Nc3 Rxb2 54. Nxa4 Rb3+ 55. Kg4
Rxa3 $19) 51... d1=Q 52. Nxd1 Rxd1 53. Be5 Rd3 $19) 44... Rxf4 45. Rg1 d2 46.
Qd7 Rff8 $5 {Anything wins.} (46... Re1 47. Nc3 Rf8 $19) 47. Bd5+ Bxd5+ 48.
Qxd5+ Kh8 0-1

[Event "Bratto op 25th"]
[Site "Bratto"]
[Date "2005.08.25"]
[Round "6"]
[White "Ranola, Yves"]
[Black "Atalik, Suat"]
[Result "0-1"]
[WhiteElo "2466"]
[BlackElo "2561"]
[Annotator "Atalik,S"]
[PlyCount "102"]
[EventDate "2005.08.20"]
[EventType "swiss"]
[EventRounds "9"]
[EventCountry "ITA"]
[SourceTitle "CBM 108 Extra"]
[Source "ChessBase"]
[SourceDate "2005.11.04"]
[SourceVersion "1"]
[SourceVersionDate "2005.11.04"]
[SourceQuality "1"]

1. c4 e5 2. g3 Nf6 3. Bg2 d5 4. cxd5 Nxd5 5. Nc3 Nb6 6. Nf3 Nc6 7. d3 Be7 8.
O-O O-O 9. Be3 $5 {This is the old line.} Be6 10. Rc1 f6 11. d4 $6 {This gives
black an easy game.} (11. Ne4 Nd5 12. Nc5 Bxc5 13. Bxc5 Rf7 14. Qa4 Rd7 $132)
11... exd4 12. Nxd4 Nxd4 13. Qxd4 Qxd4 14. Bxd4 c6 15. b3 Rad8 16. Be3 f5 17.
Rc2 $6 (17. Rfd1 Bf6 18. Rxd8 Rxd8 19. Rd1 $15) 17... Rd7 18. Na4 $6 {This not
a good time and position for this thematic exchange.} (18. Rfc1 Rfd8 $15) 18...
Nxa4 19. bxa4 c5 $1 20. Rb1 b6 $1 (20... Rfd8 21. f4 (21. Bxc5 $2 Rc8) 21...
Rd1+ 22. Rxd1 Rxd1+ 23. Kf2 b6 24. a5 Ra1 25. axb6 axb6 26. Rb2 Bd8 27. Rd2 (
27. Bxc5 $2 bxc5 28. Rb8 Rd1 $19) 27... Bc7 28. Bc6 (28. Bd5 Kf7 29. Bxe6+ Kxe6
$17) 28... Rxa2 29. Bd7 Bc4 30. Bxf5 Rxd2 31. Bxd2 b5 $13) 21. a5 bxa5 $1 $17 {
A pawn is a pawn!} (21... Rfd8 22. f4 Rd1+ 23. Rxd1 Rxd1+ 24. Kf2 $15) 22. f4
c4 23. Rb5 a4 ({I really did not have guts for} 23... Bb4 24. Kf2 (24. a3 $2
Rd1+ 25. Kf2 Be1+ $19) 24... c3 25. a3 Rd2 26. Rc1 Bc4 27. Re5 Rxe2+ 28. Kf3
Ra2 29. axb4 axb4 $19) 24. Re5 Kf7 25. Bc6 (25. Rxe6 Kxe6 26. Rxc4 a3 $19)
25... Rd1+ $1 (25... Rc7 $2 26. Bd5 $1 Bxd5 27. Rxf5+ $1 Bf6 (27... Ke6 28.
Re5+ Kd6 29. Rd2 Kc6 30. Rexd5 c3 31. R2d3 Bf6 $15) 28. Rxd5 Rb8 29. Bd4 c3 30.
Bxf6 gxf6 31. Rd3 $16) 26. Kf2 a3 $19 {I did not care about a7 much.} 27. Ra5
Rc8 28. Ba4 $1 Bb4 $1 29. Rxa7+ $1 {Otherwise the a pawn gets even more
dangerous.} (29. Rxc4 Bxc4 30. Rxf5+ Ke6 31. Re5+ Kd6 32. Bxd1 Bxa2 33. Bd4 (
33. Bxa7 Bc3 $19) 33... Bc5 34. Bxc5+ Rxc5 35. Re3 Ra5 $19) 29... Kg8 30. Rxc4
Bxc4 31. Bxd1 Bxa2 32. Bd4 Bf7 33. Ba4 g6 $1 34. Bd7 Rd8 35. g4 $8 {The only
chance for counterplay.} (35. e3 a2) 35... fxg4 36. e4 a2 37. Kg3 $1 {White's
king has to evacuate a7-g1 diagonal.} (37. e5 $2 a1=Q $19) 37... h5 38. e5 Bc5
$3 {I did not have fallen in his diabolic trap.} (38... Bd5 $2 39. e6 Be1+ 40.
Bf2 h4+ 41. Kxg4 Bxf2 42. e7 Rb8 43. Rxa2 Bxa2 44. e8=Q+ Rxe8 45. Bxe8 Bb1 46.
Bd7 Kf7 47. f5 $11 {And white draws due to bad cornered bishop.}) 39. Bxc5 Rxd7
40. Ra8+ Kh7 41. Bd6 (41. Bb4 Rd1) 41... Bd5 42. Ra5 Rd8 $19 {This is the
whole idea. Black wins easily in the opposite colored bishops ending.} 43. Ra7+
Kg8 44. Bc5 Ra8 45. Rxa8+ Bxa8 46. Bd4 Kf7 (46... Be4 $19 {is also possible.})
47. h3 (47. Kh4 Ke6 48. Kg5 Be4 49. Ba1 Bf5 50. Bb2 Kd5 51. Kh4 {White's king
can not leave h and g pawns.} Kc4 (51... Ke4 52. Kg3 h4+ 53. Kxh4 Kxf4 54. Ba1
Be6 (54... Kf3 55. Kg5 Kg2 56. e6 Bxe6 57. Be5 Bf5 $19) 55. Bb2 a1=Q $1 56.
Bxa1 Bf7 $1 $19 {mates.}) 52. Kg5 Kb3 53. Bd4 Kc2 54. e6 (54. Kf6 h4 $19) 54...
Bxe6 55. Kxg6 h4 $19) 47... gxh3 48. f5 ({After} 48. Kxh3 Ke6 {black can win
by a king's march to any wing.} 49. Kh4 Be4 50. Kg5 Kd5 51. Ba1 Bf5 52. Bb2 Kc4
(52... Ke4 53. Ba1 h4 (53... Kf3 54. Bb2) 54. Kxh4 Kxf4 $19) 53. e6 Bxe6 54.
Kxg6 h4 $19) 48... gxf5 49. Kxh3 f4 50. Kh4 f3 (50... Ke6 $19) 51. Kg3 h4+ {
A logical game.} 0-1

[Event "EU-ch 6th"]
[Site "Warsaw"]
[Date "2005.06.19"]
[Round "2"]
[White "Portisch, Lajos"]
[Black "Warakomski, Tomasz"]
[Result "1-0"]
[WhiteElo "2525"]
[BlackElo "2384"]
[Annotator "Atlas,V"]
[PlyCount "41"]
[EventDate "2005.06.18"]
[EventType "swiss"]
[EventRounds "13"]
[EventCountry "POL"]
[SourceTitle "CBM 108"]
[Source "ChessBase"]
[SourceDate "2005.09.26"]
[SourceVersion "1"]
[SourceVersionDate "2005.09.26"]
[SourceQuality "1"]

1. c4 e5 2. Nc3 Nf6 3. g3 Nc6 4. Bg2 Bb4 5. Nf3 O-O 6. O-O e4 7. Ne1 Bxc3 8.
dxc3 Re8 9. Bg5 Re5 (9... h6 {is more popular continuation.}) 10. f4 Re6 11.
Nc2 Qe7 $2 ({After this move Black is in trouble. Better was} 11... h6) 12. f5
Rd6 13. Qc1 Ne5 14. Ne3 h6 15. Bxf6 Rxf6 16. Nd5 Qc5+ 17. Kh1 Rd6 18. f6 $1 {
After this move White's attack becomes irresistible.} g5 ({Or} 18... Re6 19.
Qf4 {, with manifold threats.}) 19. Rf5 Rxd5 20. cxd5 d6 {[%tqu "En","Should
White withdraw his rook?","Go after the enemy king!","Sacirifice your rook!",
"f5g5","The rook sacrifice wins on the spot.",4]} 21. Rxg5+ $1 {[%csl Gc1,Gf6,
Gg5,Rg7,Rg8][%cal Ch6g5]} ({After the rook sacrifice mate is inevitable:} 21.
Rxg5+ hxg5 (21... Ng6 22. Rxg6+ fxg6 23. Qxh6 Kf7 24. Qg7+ Ke8 25. Qe7#) (21...
Kf8 22. Rg8+ Kxg8 23. Qxh6) 22. Qxg5+ Kf8 (22... Ng6 23. Qh6) 23. Qg7+ Ke8 24.
Qg8+ Kd7 25. Bh3+) 1-0

[Event "Lost Boys op"]
[Site "Antwerp"]
[Date "1999.08.05"]
[Round "6"]
[White "Gurevich, Mikhail"]
[Black "Avrukh, Boris"]
[Result "1/2-1/2"]
[WhiteElo "2643"]
[BlackElo "2588"]
[Annotator "Avrukh,B"]
[PlyCount "80"]
[EventDate "1999.07.30"]
[EventType "swiss"]
[EventRounds "9"]
[EventCountry "BEL"]
[SourceTitle "EXT 2000"]
[Source "ChessBase"]
[SourceDate "1999.11.16"]
[SourceVersion "1"]
[SourceVersionDate "1999.11.16"]
[SourceQuality "1"]

1. c4 e5 2. Nc3 Nf6 3. Nf3 Nc6 4. g3 Nd4 5. Bg2 Nxf3+ 6. Bxf3 Bb4 7. d3 (7. d4
$5 e4 8. Bg2 O-O (8... Bxc3+ 9. bxc3 h6 10. Qc2 O-O $2 11. Bxe4 $16 {
Kortschnoj,V-Bareev,E/Tilburg/1991/CBM26/INF53,39/}) 9. O-O Bxc3 10. bxc3 Re8
$6 {1-0 Kamsky,G-Campora,D/Buenos Aires 1993/CBM 35/[Ribli] (32)} (10... h6 $5)
) 7... O-O 8. O-O h6 {[%csl Gg5]} (8... c6 {32/(43)} 9. Qb3 (9. Bg5 $1 {
looks unpleasant for black, because now (after exchange on f6) it will be
extremely difficult for black to provoke d7-d5}) 9... Ba5 10. c5 d5 11. cxd6
Qxd6 12. Be3 Re8 13. Rfc1 Qe7 14. Qa4 Bc7 15. Bg5 Bf5 16. Qh4 h6 17. Bxf6 Qxf6
18. Qxf6 gxf6 $14 {1-0 Beltran,S-Campora,D/Oviedo 1993/EXP 38 (45)}) 9. Bd2 c6
{[%cal Gd7d5][%mdl 4]} 10. Qa4 Be7 $1 (10... a5 $6 11. a3 Bxc3 12. Bxc3 Re8 13.
Rfd1 $14 {Gurevich-Van den Doel 1999}) (10... Bc5 $6 11. b4) 11. Rfd1 (11. Rac1
d5 12. cxd5 cxd5 13. Qb3 (13. Qb5 a6) 13... Be6 14. Qxb7 Rb8 15. Qxa7 Rxb2 {
[%cal Gd5d4]}) 11... d6 (11... d5 $2 12. cxd5 cxd5 13. Qb3 d4 ({Now} 13... Be6
{doesn't work because in variation} 14. Qxb7 Rb8 15. Qxa7 Rxb2 {bishop on d2
is protected to compare with 11Rac1} 16. Rab1 $16) 14. Nd5 Nxd5 15. Bxd5 $14)
12. b4 {[%cal Gb4b5]} Bg4 (12... d5 13. b5 (13. Be1 a6 $5) 13... d4 14. bxc6 $5
(14. Ne4 $6 Nxe4 15. Bxe4 f5 16. Bg2 c5 {with nice position for black}) 14...
dxc3 15. Bxc3 (15. cxb7 $143 Bxb7 16. Bxb7 Rb8 $1 17. Bxc3 Rxb7 18. Bxe5 Nd7
$15) 15... bxc6 (15... Qc7 16. cxb7 Bxb7 17. Bxb7 Qxb7 18. Bxe5 $14 {[%cal
Ga1b1]}) 16. Bxc6 (16. Qxc6 Rb8 17. Bxe5 Bb7) 16... Bd7 17. Bxe5 Rc8 18. Bxd7
Nxd7 $13) 13. Bxg4 ({After} 13. Bg2 {both} a6 ({and} 13... d5 {gives black
good positions})) 13... Nxg4 14. b5 Qc8 (14... Qd7 $143 15. bxc6 bxc6 {[%cal
Ga4d7]} 16. Rab1 (16. Nd5 Bd8 $1) (16. f3 Nf6 17. Rab1 Bd8 18. Kg2 Bb6 19. Ne4
Nxe4 20. dxe4 $14 {[%csl Rc6,Rd6]}) 16... f5 (16... Rab8 $140 17. Nd5 $1) 17.
f3 (17. Rb3 Bd8 18. c5 d5 19. Rdb1 f4) 17... Nf6 18. Rb3 Bd8 {[%cal Gd8b6]} 19.
Kg2 (19. Be3 Bb6) 19... Bb6 20. Qa6 $14 {[%cal Gc3a4,Ga2a4,Ga4a5]}) 15. bxc6
bxc6 16. f3 (16. Rab1 $143 f5 17. Rb2 (17. f3 Nf6 18. Rb2 d5 19. Rdb1 d4 20.
Nd1 e4 $36) 17... Bd8 $1 {[%cal Gd8b6]} (17... f4 $2 18. f3 Nf6 19. gxf4 $16))
16... Nf6 17. Rab1 d5 $1 $11 18. cxd5 (18. Rdc1 Bc5+ (18... d4 19. Nd1 Nd7 20.
Nf2 f5 21. Bb4 c5 22. Bd2 $14) (18... Qe6 $143 19. cxd5 Bc5+ $2 (19... cxd5 20.
Nb5 $16) 20. d4 $1 Bxd4+ 21. Qxd4 $1) (18... Qh3 $6 {[%cal Ge7c5]} 19. cxd5
cxd5 (19... Bc5+ 20. e3 cxd5 21. Nxd5 $1 $16 {[%cal Gc1c5]}) 20. Nd1 {[%cal
Gd1f2]}) 19. Kg2 Qe6 20. Qa6 Bb6 $11) 18... cxd5 19. Rdc1 Bc5+ (19... Qh3 $6
20. Nd1 {[%cal Gd1f2]}) 20. Kg2 Qe6 21. Rb5 (21. Nb5 Rfc8) (21. e4 $6 {[%csl
Rd3]} Bb6) 21... Bd4 (21... Bb6 $140 $2 22. Qb3 Rfd8 23. Na4 $16) 22. Qb3 (22.
e3 $140 Bb6 (22... Bxc3 23. Bxc3 e4 24. fxe4 dxe4 25. Bxf6 $16) 23. Qb3 Rad8
24. Na4 $6 e4 $1 {[%csl Rg2]} 25. Nxb6 exf3+ 26. Kxf3 Qg4+ 27. Kf2 axb6 28.
Rxb6 Qh5 $1 $40 {[%cal Gf6g4]}) 22... a6 (22... Rad8 {also possible} 23. Na4 {
[%cal Ge2e3]} e4 24. dxe4 dxe4 25. Qxe6 fxe6 26. Rb7 (26. Rcb1 exf3+ 27. exf3
Rc8 $1 {[%cal Gc8c2]}) 26... exf3+ 27. exf3 Rf7 $11) 23. Rb7 Rac8 24. Nd1 (24.
e4 dxe4 25. dxe4 Qxb3 26. axb3 Rb8 27. Rxb8 Rxb8 28. Rb1 $11) 24... Nd7 {
[%cal Gd7c5]} (24... Rxc1 25. Bxc1 Rc8 26. Be3) 25. Qb1 Rxc1 (25... Rb8 26.
Rcc7 Rxb7 27. Rxb7 Rc8 28. Be3 {leads to the game}) (25... Nc5 $2 {[%csl Rd4]}
26. Rb6 Qd7 27. e3 $16) (25... Bb6 $140 $5 26. Rxc8 Rxc8 27. Rxd7 $140 $2 (27.
a4 $142 $11) 27... Rb8 $3 {and black wins}) 26. Bxc1 Rc8 27. Be3 Bc5 (27... Qc6
$1 {M.Gurevich} 28. Bxd4 exd4 {[%csl Gd4,Re2]} 29. Rb4 Qe6 (29... Qc2 30. Kf1
Qd2 {[%cal Gc8c1]} 31. Rb2 Rc1 32. Rxd2 Rxb1 33. Ke1 $1 {[%cal Gd2b2]}) 30. Qb2
Re8 31. Qxd4 Qxe2+ 32. Nf2 Nf6 33. Rb2 Qe1 $11) 28. Bxc5 Nxc5 29. Rb8 Rxb8 30.
Qxb8+ {[%mdl 4096]} Kh7 31. Qc7 Nd7 32. Ne3 Nf6 (32... f5 $5) 33. a4 (33. Kf2
$142 e4 (33... Qh3 34. Qxe5 (34. Qxf7 Qxh2+ 35. Ng2 e4 36. dxe4 dxe4 37. Qe6
exf3 38. exf3 Nh5 39. Qf5+ Kh8 40. Qg6 Qh3 $11) 34... Qxh2+ 35. Ng2 (35. Ke1
Qg1+ 36. Kd2 Qb1 37. Qf5+ Kg8 38. Qc8+ Kh7 39. Qxa6 Qb4+ 40. Kc2 Qc5+ 41. Kd2
Qb4+ 42. Kd1 Qb1+ $11) 35... Qh3 36. Qd6 Qc8 37. Nf4 Qb7 38. a4 $14 {[%cal
Ga4a5,Gd6b6]}) (33... h5 {[%cal Ge6h3]} 34. h4 e4 35. d4) 34. d4 exf3 (34...
Qh3 35. g4 $14) 35. exf3 Qe8 $1 $11 {[%cal Ge8b5,Gb5a4]}) 33... e4 34. Qc5 (34.
dxe4 dxe4 35. Qc4 $1 exf3+ 36. Kxf3 Qb6 $1 (36... Qd6 37. Qd3+) (36... g5 37.
g4 Qxc4 38. Nxc4 Nd5 39. a5 {and such type of endgames(Knight)is very
dangerous for black because of the activity of white's king,it's clearly
better for black to keep queens on the board.}) 37. Qxf7 $140 $6 Qc6+ 38. Kf2
Qxa4 $15) 34... exf3+ 35. exf3 Qe5 $1 {Now white must be careful, because
black's king becomes very active.} 36. Kf2 Qa1 37. a5 Qb2+ 38. Qc2 Qb4 39. Qa2
Qc5 40. Qa1 Qb4 1/2-1/2

[Event "Budapest Negy CC"]
[Site "Budapest"]
[Date "1975.06.24"]
[Round "9"]
[White "Sandor, Bela"]
[Black "Szilagyi, Gyorgy"]
[Result "1/2-1/2"]
[WhiteElo "2340"]
[BlackElo "2370"]
[Annotator "Balogh,Bela"]
[PlyCount "91"]
[EventDate "1975.06.16"]
[EventType "tourn"]
[EventRounds "15"]
[EventCountry "HUN"]
[SourceTitle "EXT 2021"]
[Source "ChessBase"]
[SourceDate "2020.10.23"]
[SourceVersion "1"]
[SourceVersionDate "2020.10.23"]
[SourceQuality "1"]

1. c4 e5 2. Nc3 Nf6 3. g3 Bb4 4. Bg2 O-O 5. Nf3 Nc6 6. O-O e4 7. Ng5 Bxc3 8.
bxc3 Re8 9. d3 exd3 10. exd3 d6 11. Rb1 Bg4 12. f3 Bc8 13. Ne4 Nxe4 14. fxe4
Rb8 15. d4 Qd7 16. Qh5 Nd8 17. Rf4 Ne6 18. Rh4 Nf8 19. Bd2 a6 20. Rf1 b5 21. e5
dxe5 22. Bc6 Qe7 23. Bg5 f6 24. Bxe8 fxg5 25. Bf7+ Kh8 26. Bg6 h6 27. Qxg5 (27.
Rf7 $1 Qd8 28. Qxg5 $3 Be6 29. Rxh6+ Kg8 30. Rh8+ Kxh8 31. Rxf8+ Qxf8 32. Qh4+
Kg8 33. Qh7#) 27... Nxg6 28. Qxg6 Be6 29. Re4 Bxc4 30. Rxe5 Qa3 31. Re8+ Rxe8
32. Qxe8+ Kh7 33. Qe4+ $6 (33. Rf8 Qc1+ 34. Kg2 Bd5+ 35. Kh3 g5 36. Rh8+ $18)
33... Kh8 34. Rf3 $2 Qxa2 35. g4 Qa3 36. Kf2 a5 37. g5 Qd6 38. Qe5 Qxe5 39.
Rf8+ Kh7 40. dxe5 hxg5 41. Rc8 a4 42. Rxc7 a3 43. Ra7 a2 44. Ke3 Kg6 45. Kd2
Kf5 46. Kc2 1/2-1/2

[Event "BL2-Nord 9899"]
[Site "Germany"]
[Date "1999.03.21"]
[Round "8.1"]
[White "Poldauf, Dirk"]
[Black "Bangiev, Alexander J"]
[Result "1-0"]
[WhiteElo "2410"]
[BlackElo "2395"]
[Annotator "Bangiev,A"]
[PlyCount "97"]
[EventDate "1998.10.18"]
[EventType "team-tourn"]
[EventRounds "9"]
[EventCountry "GER"]
[SourceTitle "GER-chT2"]
[Source "ChessBase"]
[SourceDate "1999.07.01"]
[SourceVersion "1"]
[SourceVersionDate "1999.07.01"]
[SourceQuality "1"]
[WhiteTeam "Empor Berlin"]
[BlackTeam "Isernhagen"]
[WhiteTeamCountry "GER"]
[BlackTeamCountry "GER"]

1. c4 e5 2. Nc3 Nf6 3. Nf3 Nc6 4. g3 Bb4 5. Bg2 O-O 6. O-O e4 7. Ng5 Bxc3 8.
bxc3 Re8 9. f3 e3 10. dxe3 $5 {Dieser Zug ist immer öfter in der Praxis
anzutreffen.} (10. d3 d5 $1 {mit ausreichendem schwarzen Gegenspiel.}) 10... b6
(10... Qe7 $5 11. e4 Qc5+ 12. Kh1 h6 13. Nh3 Qxc4 14. Bd2 b6 15. Re1 Bb7 16. g4
Ne5 17. g5 hxg5 18. Bxg5 Nh7 19. Bf4 d6 20. Qc2 Bc6 21. Bg3 Ng6 $13 {1/2-1/2
Zagorskis,D- Sammalvuo,T/Copenhagen 1998/(30)}) (10... h6 11. Nh3 b6 12. Nf4 $5
Ba6 13. c5) 11. e4 h6 12. Nh3 (12. Nxf7 $5 Kxf7 13. f4 Kg8 14. e5 Nh7 15. f5 $5
) 12... Ba6 13. g4 {Ein aktiver Plan.} (13. Qa4 Na5 $132) 13... Bxc4 {[%cal
Yc4e2]} (13... Nh7 14. Qa4 Na5 15. c5 Bxe2 16. Re1 Bc4 17. Be3 $14) (13... Qe7
$5) 14. g5 hxg5 15. Bxg5 d5 $5 {[%cal Yd5e4,Ye8e4,Ye4e2] /\Qd6} 16. Qe1 {
[%cal Ye1h4]} (16. Nf2 $5 Qd6 17. Qd2 Rad8 18. Rad1 $13) 16... Qd6 17. Qh4 Nh7
(17... Bxe2 $5 18. Rfe1 Bc4 19. Bxf6 Qxf6 20. Qxf6 gxf6 21. Nf4 dxe4 22. Nh5
Re6 23. Rxe4 $15) 18. exd5 Qxd5 19. e4 Qc5+ 20. Rf2 Be6 $5 {/\Bh3} (20... Ne5
21. Kh1 Ng6 22. Qg3 Nxg5 23. Nxg5 Rad8 24. Rg1 $13) 21. Bf4 $8 Ne5 22. Bxe5 $8
Qxe5 23. Rc1 (23. Rc2 $142) 23... Qc5 $15 24. Kh1 Rad8 25. Rfc2 {/\Nh3} Bxh3 $5
26. Bxh3 (26. Qxh3 Rd3 $17) 26... Qe3 27. Qf2 Qh6 $6 (27... Rd3 $5 28. Qxe3
Rxe3 29. Kg2 Rd8 30. Kf2 Rdd3 31. Bg2 Ng5 32. h4 Ne6 $17) 28. Bf1 $5 Nf6 (28...
Ng5 29. Qe3 $5) (28... Nf8 29. Bc4 Ng6 30. Rg1 Ne5 31. Be2 Rd6 $15) 29. Bc4 Qf4
(29... Nd7 $5 30. Rg1 Ne5 $15) 30. Rg1 Re5 31. Qg2 Nh5 32. Bd5 Rd6 33. Qh3 $1 {
[%cal Yh3c8]} Rf6 34. Rf2 Qe3 (34... c6 35. Bb3 Qe3 36. Rfg2 Qxc3 37. Qc8+ Kh7
38. Qc7 $13) 35. Rff1 c6 $2 {[%csl Yc7][%mdl 16384]} (35... Kh7 $1 $15 {/\g6})
36. Qc8+ Kh7 37. Qc7 $1 $36 Qxc3 $2 (37... Rg5 38. Rxg5 Qxg5 39. Bxf7 $16) (
37... Rxd5 $1 38. exd5 cxd5 $132) 38. Bxf7 $18 Rh6 39. Qb8 Nf6 40. Qf8 g5 41.
Be6 (41. f4 $1 $18) 41... Qd2 42. Rg2 Qd3 43. Rfg1 c5 44. Bf5+ Rxf5 45. exf5
Qxf5 46. Qf7+ Kh8 47. Rxg5 Rxh2+ 48. Kxh2 Qf4+ 49. R1g3 1-0